000 00245nam a2200097Ia 4500
001 918842
005 20250826185940.0
008 250824s9999 xx 000 0 und d
245 0 _aTOMRİS HAN
_cAHMET HALDUN TERZİOĞLU
260 _bPANAMA YAYINLARI
999 _c918842
_d918842